Adivina el logo - Argentina 12 - Estadísticas

Estadísticas generales
  • Esta prueba ha sido intentada 30 veces
  • La puntuación promedio es 9 de 16
Estadísticas de respuestas
Imagen Respuesta % Correcto
Raid
100%
Coto
96%
Fernet Branca
93%
Garbarino
85%
Magistral
85%
ICBC
70%
Elite
67%
Lotería de la Provincia
59%
Brahma
56%
Banco Credicoop
52%
iSat
52%
Olympikus
33%
2 Minutos
30%
Rocklets
26%
Simmons
22%
Pinturerías del Centro
19%
No se encontraron pruebas coincidentes
Distribución de puntuación
Porcentaje de gente con cada puntuación
Porcentaje por número respondido
Historial de tus puntuaciones
No has intentado esta prueba.